Právní ochrana hospodářské soutěže

Gespeichert in:
Bibliographische Detailangaben
1. Verfasser: Knap, Karel
Format: Buch
Sprache:Tschechisch
Veröffentlicht: Praha ABF 1992
Ausgabe:1. vyd.
Schriftenreihe:Trh, právo a společnost Sešit 6
Schlagworte:
Tags: Tag hinzufügen
Keine Tags, Fügen Sie das erste Tag hinzu!

MARC

LEADER 00000nam a2200000 4500
001 c003431
005 20221214090407.1
041 0 |a cze 
044 |a CZ 
245 1 0 |a Právní ochrana hospodářské soutěže  |c Karel Knap 
250 |a 1. vyd. 
264 1 |a Praha  |b ABF  |c 1992 
300 |a 35 s. 
490 1 |a Trh, právo a společnost  |v Sešit 6 
830 0 |a Trh, právo a společnost  |v Sešit 6 
610 2 0 |a súťaž hospodárska 
610 2 0 |a konkurencia 
610 2 0 |a ochrana spotrebiteľa 
610 2 0 |a reklama 
610 2 0 |a zákonník obchodný 
610 2 0 |a ČSFR 
610 2 0 |a ochrana právna 
610 2 0 |a súťaž nekalá 
100 1 |a Knap, Karel